| 000 | 01264cam a2200277Ii 4500 | ||
|---|---|---|---|
| 001 | manwhotappedsecr00clar | ||
| 003 | CaSfIA | ||
| 005 | 20210118170845.0 | ||
| 007 | cr|||| | ||
| 008 | 760226t19731946vauac 000 0 eng d | ||
| 040 |
_aPHA _cPHA _dOCLCG _dCaSfIA |
||
| 035 | _a(OCoLC)2014563 | ||
| 050 | 4 |
_aBF1997 _b.R87 C53 |
|
| 092 |
_a133.092 _bR919, C54, 1973 |
||
| 100 | 1 |
_aClark, Glenn, _d1882-1956. |
|
| 245 | 1 | 4 |
_aThe man who tapped the secrets of the universe. _h[electronic resource] |
| 250 | _a10th ed. | ||
| 260 |
_aWaynesboro, Va. : _bThe University of Science and Philosophy, _c1973, c1946. |
||
| 300 |
_a57 p. : _bill., ports. ; _c20 cm. |
||
| 600 | 1 | 0 |
_aRussell, Walter, _d1871-1963. |
| 856 | 4 | 1 |
_uhttp://www.archive.org/details/manwhotappedsecr00clar _zFree eBook from the Internet Archive |
| 856 | 4 | 2 |
_uhttp://www.openlibrary.org/books/OL24213388M _zAdditional information and access via Open Library |
| 942 | _cEB | ||
| 506 | _fНеобхідна авторизація на https://archive.org/ (створення облікового запису безкоштовно) | ||
| 506 | _fНеобхідна авторизація на https://openlibrary.org/ (створення облікового запису безкоштовно) | ||
| 999 |
_c522862 _d522862 |
||